| 000 | 00903nam2a2200241 4500 | ||
|---|---|---|---|
| 001 | RU\NLR\bibl\1820974 | ||
| 005 | 20250616160934.0 | ||
| 010 | _a978-5-88017-221-4 | ||
| 021 |
_aRU _b2011-72556 _95151 |
||
| 035 | _a(NLR Aleph) 001811531 | ||
| 090 |
_a1878594 _c1878594 |
||
| 100 | _a20111017d2011 |||y0rusy50 ca | ||
| 101 | 0 | _achu | |
| 102 | _aRU | ||
| 105 | _aa ||||||||| | ||
| 200 | 0 | _aГласы 5-8 | |
| 215 | _a732 с., [1] л. цв. ил. | ||
| 461 | 0 |
_1001RU\NLR\bibl\1846877 _12001#$aОктоих, сиречь Осмогласник$vГласы 5-8 _92223243 _cМосква _d2011 _nИзд-во Московской Патриархии Русской Православной Церкви _tОктоих, сиречь Осмогласник _y9785880172238 _vГласы 5-8 |
|
| 801 | 0 |
_aRU _bNLR _c20111017 _gRCR |
|
| 801 | 1 |
_aRU _bNLR _c20111017 |
|
| 942 | _cBOOK | ||
| 980 | _aNB | ||